The Political Economy of Agrarian Change (Record no. 3142)

MARC details
000 -LEADER
fixed length control field 00340nam a22001337a 4500
008 - FIXED-LENGTH DATA ELEMENTS--GENERAL INFORMATION
fixed length control field 250424b |||||||| |||| 00| 0 eng d
020 ## - INTERNATIONAL STANDARD BOOK NUMBER
ISBN 0333245776
100 ## - MAIN ENTRY--AUTHOR
Author GRIFFIN Keith
245 ## - TITLE STATEMENT
Title The Political Economy of Agrarian Change
260 ## - PUBLICATION, DISTRIBUTION, ETC. (IMPRINT)
Place of publication U.S.A
Name of publisher Macmillan Press
Date of publication 1979
300 ## - COLLATION
Pagination xix, 268p.
942 ## - ADDED ENTRY ELEMENTS (KOHA)
Item type Books
050 ## - LIBRARY OF CONGRESS CALL NUMBER
Classification number HD9066
Item number .G74
Holdings
Source of classification or shelving scheme Not for loan Permanent location Current location Date acquired Accession No. Full call number Barcode. Koha item type
Library of Congress Classification   Samuel Ogbemudia Main Library, University of Abuja Samuel Ogbemudia Main Library, University of Abuja 04/24/2025 91-001955 HD9066.G74 2025-1563 Books